000 00314nam a22001457a 4500
008 221011b ||||| |||| 00| 0 eng d
020 _a9781581107036
041 _aeng
080 _229TH EDITION
_a579
082 _a579
100 _a17
101 _aMIK
245 _aRED BOOK
_cPICKERING L
942 _2udc
_cBK
999 _c58477
_d58477